| 000 | 00446nam a2200181Ia 4500 | ||
|---|---|---|---|
| 001 | 17709 | ||
| 005 | 20260306171537.0 | ||
| 008 | 260306s9999||||xx |||||||||||||| ||und|| | ||
| 041 | _aESP | ||
| 082 |
_a658.15 _bM26 |
||
| 100 |
_aFernández, Miguel Martín _eAUT |
||
| 245 | 0 | _aCasos prácticos de dirección financiera | |
| 260 | _c2006 | ||
| 300 |
_a332 páginas : _c24 cm. |
||
| 650 | _aGEN | ||
| 654 | _aCAN | ||
| 942 |
_cLIB _dJUS _fJUS _2ddc _n |
||
| 999 |
_c17709 _d17709 |
||